01270nam a2200313 i 4500001000300000003000900003005001700012008004000029015001700069040003500086041002300121080001000144100005000154245018300204246002700387260004700414300003300461380001700494500002900511600003700540648001900577648001900596650004700615740007800662710006900740700003200809830001700841856009800858bgKOSZ 00520200514125828.0080609s1961 pl a g 000 0 polo aPB 1961/6744 aWA NcKOSZ 005/RWdKOSZ 005/RW1 apolhrushgrchlat a14+921 aAsmus, Valentin Ferdinandovičd(1894-1975).10aDemokryt /cW. F. Asmus ; [tł. Bogdan Kupis]. Wybór fragmentów Demokryta i świadectw starożytnych o Demokrycie / [wyboru dokonał oraz z grec. i łac. przeł. B. Kupis].1 iTyt. oryg.:aDemokrit. aWarszawa :b"Książka i Wiedza",c1961. a146, [2] s. :bil. ;c20 cm. aKsiążki. aTzw. Seria Myśliciela.04aDemokritosd(ca 460-ca 370 a.C.) 4a500-401 p.n.e. 4a400-301 p.n.e. 4aFilozofiaxhistoriazGrecjay5-4 w. p.n.e.02aWybór fragmentów Demokryta i świadectw starożytnych o Demokrycie.2 aSpółdzielnia Wydawniczo-Handlowa "Książka i Wiedza"4pbl.1 aKupis, BogdaneTłumaczenie 0aMyśliciel. uhttp://koha.tu.koszalin.pl/cgi-bin/koha/opac-detail.pl?biblionumber=11597yKatalog online BPK